LEADER 01410nam a2200229 i 4500 001 000000027877 003 CaOOAMICUS 005 20240219124941.0 008 180830s2012 vc u000 u ita u 040 $aSeMil$bita 100 1 $aKrautheimer, Richard,$d<1897-1994>.$0(OLS)http://semarc/name/12690 245 10$aCorpus basilicarum christianarum Romae /$cRichard Krautheimer. Le basiliche cristiane antiche di Roma (Sec. 4.-9.) 250 $aRistampa anastatica dell'ed. 1937. 260 $aCittą del Vaticano :$bPontificio Istituto di Archeologia Cristiana,$c2012. 300 $av. ;$c35 cm. 490 1 $aMonumenti di antichitą cristiana. 2. serie 774 0 $tBasiliche cristiane antiche di Roma.$bRistampa anastatica dell'ed. 1937.$dCittą del Vaticano : Pontificio Istituto di Archeologia Cristiana, 2012.$kMonumenti di antichitą cristiana. 2. serie$z978-88-85991-55-2$g1$w()217831 774 0 $aFrankl, Wolfgang$tBasiliche paleocristiane di Roma.$dCittą del Vaticano : Pontificio Istituto di Archeologia Cristiana, 1962.$kMonumenti di antichitą cristiana. 2. serie$g2$w()219748 830 0$aMonumenti di antichitą cristiana. 2. serie.$0(OLS)http://semarc/title/22137 996 $6245$aCorpus basilicarum christianarum Romae$9(OLS)http://semarc/title/37779 996 $6260$aCittą del Vaticano :$bPontificio Istituto di Archeologia Cristiana$9(OLS)http://semarc/publisher/32394 LEADER 00797nam a2200181 i 4500 001 000000058205 003 CaOOAMICUS 005 19971111000000.0 008 971111n it u000 u ita u 013 $a29377 040 $aSeMil$bita 245 10$aAntichitą senza provenienza :$batti della tavola rotonda [tenutasi all'] American Academy in Rome, 18 febbraio 1995. 700 1 $aBell, Malcolm <3.>.$0(OLS)http://semarc/name/29660 700 1 $aPelagatti, Paola.$0(OLS)http://semarc/name/29659 850 $aSeMil 852 $aSeMil$W1$xVenegono$y1$m36BIS 4 13/A$j24358$B24358$CSeMilBibl$Z2$F24361 $85 961 $aOmaggio: Donazione 996 $6245$aAntichitą senza provenienza :$batti della tavola rotonda [tenutasi all'] American Academy in Rome, 18 febbraio 1995$9(OLS)http://semarc/title/90688